00640pam a2200181 a 450000100100000000500170001000800410002702000220006804000250009010000290011524500580014426000610020230000270026349000190029050400270030952001030033683000190043900000492920200929151534.0851023s1985 pr a j b s000 0 spa  a0847735338 (pbk.) aDO-SdBNPbspacBNPHU1 aFeliciano Mendoza, Ester10aRomancero de la Conquista /cEster Feliciano Mendoza. aRio Piedras, P. R. :bUniversidad de Puerto Rico,c1985. a71 p. :bil. ;c29 cm.1 aNinos y letras aBibliografía: p. 71. aUna colección de poemas en español que relata la conquista de Puerto Rico por los españoles. 0aNinos y letras